The girl who played with fire / (Record no. 3469)

MARC details
000 -LEADER
fixed length control field 00738nam a2200217 ar4500
001 - CONTROL NUMBER
control field 3471
005 - DATE AND TIME OF LATEST TRANSACTION
control field 20221127090746.0
008 - FIXED-LENGTH DATA ELEMENTS--GENERAL INFORMATION
fixed length control field 130910s xxk 0001f|eng d
020 ## - INTERNATIONAL STANDARD BOOK NUMBER
International Standard Book Number 9781847245564(hpb)
082 04 - DEWEY DECIMAL CLASSIFICATION NUMBER
Classification number 839.78
Item number L329 2009
100 1# - MAIN ENTRY--PERSONAL NAME
Personal name Larsson, Steig.
245 14 - TITLE STATEMENT
Title The girl who played with fire /
Statement of responsibility, etc. S. Larsson ; translated from the Swedish by Reg Keeland.
260 ## - PUBLICATION, DISTRIBUTION, ETC.
Place of publication, distribution, etc. London :
Name of publisher, distributor, etc. Maclehose Press,
Date of publication, distribution, etc. 2009.
300 ## - PHYSICAL DESCRIPTION
Extent 569 p. ;
Dimensions 24 cm.
500 ## - GENERAL NOTE
General note Originally published: 2006.
650 #4 - SUBJECT ADDED ENTRY--TOPICAL TERM
Topical term or geographic name entry element Swedish fiction
General subdivision Translations into English.
650 #4 - SUBJECT ADDED ENTRY--TOPICAL TERM
Topical term or geographic name entry element Swedish literature
Chronological subdivision 21st century.
650 #4 - SUBJECT ADDED ENTRY--TOPICAL TERM
Topical term or geographic name entry element Detective and mystery stories.
650 #4 - SUBJECT ADDED ENTRY--TOPICAL TERM
Topical term or geographic name entry element English fiction
General subdivision Foreign countries.
700 0# - ADDED ENTRY--PERSONAL NAME
Personal name Keeland, Reg,
Relator term translator.
Holdings
Withdrawn status Lost status Source of classification or shelving scheme Damaged status Not for loan Home library Current library Date acquired Total Checkouts Full call number Barcode Date last seen Copy number Price effective from Koha item type
              11/27/2022   839.78 L329 2009 1000000010267 11/27/2022 C1 11/27/2022 Book